Retablística alto-alentejana (Elvas, Villaviciosa y Olivenza) en los siglos XVII-XVIII / (Record no. 13805)

MARC details
000 -LEADER
campo de control de longitud fija 00862nam a2200229 i 4500
001 - NÚMERO DE CONTROL
campo de control 13805
003 - IDENTIFICADOR DE NÚMERO DE CONTROL
campo de control ES-MaACL
005 - FECHA Y HORA DE LA ÚLTIMA TRANSACCIÓN
campo de control 20250828094148.0
007 - CAMPO FIJO DE DESCRIPCIÓN FÍSICA--INFORMACIÓN GENERAL
campo de control de longitud fija t|
008 - DATOS DE LONGITUD FIJA--INFORMACIÓN GENERAL
campo de control de longitud fija 980707s1996 sp a |||| | spa d
020 ## - NÚMERO INTERNACIONAL ESTÁNDAR DEL LIBRO
Número Internacional Estándar del Libro 84-88861-60-5
080 ## - NÚMERO DE LA CLASIFICACIÓN DECIMAL UNIVERSAL
Número de la Clasificación Decimal Universal 726.591.12.034.7/.8(460.25)/(469.53)
100 1# - ENTRADA PRINCIPAL--NOMBRE DE PERSONA
Nombre de persona Vallecillo Teodoro, Miguel Angel.
9 (RLIN) 112826
245 10 - MENCIÓN DEL TÍTULO
Título Retablística alto-alentejana (Elvas, Villaviciosa y Olivenza) en los siglos XVII-XVIII /
Mención de responsabilidad, etc. Miguel Ángel Vallecillo Teodoro.
260 ## - PUBLICACIÓN, DISTRIBUCIÓN, ETC.
Lugar de publicación, distribución, etc. Mérida :
Nombre del editor, distribuidor, etc. UNED, Centro Regional de Extremadura,
Fecha de publicación, distribución, etc. [1996]
300 ## - DESCRIPCIÓN FÍSICA
Extensión 390 p. :
Otras características físicas il. ;
Dimensiones 24 cm.
650 14 - PUNTO DE ACCESO ADICIONAL DE MATERIA--TÉRMINO DE MATERIA
Término de materia o nombre geográfico como elemento de entrada Retablos-
Subdivisión geográfica Portugal.
9 (RLIN) 151077
650 #4 - PUNTO DE ACCESO ADICIONAL DE MATERIA--TÉRMINO DE MATERIA
Término de materia o nombre geográfico como elemento de entrada Retablos-
Subdivisión geográfica Extremadura.
9 (RLIN) 151078
710 2# - ENTRADA AGREGADA--NOMBRE DE ENTIDAD CORPORATIVA
Nombre de entidad corporativa o nombre de jurisdicción como elemento de entrada Universidad Nacional de Educación a Distancia (España).
Unidad subordinada Centro Regional de Extremadura
9 (RLIN) 7412
852 ## - LOCALIZACIÓN
Ubicación ES-MaACL
Número de control de estantería L-21270
Holdings
Estatus retirado Estado de pérdida Estado de daño No para préstamo Biblioteca de origen Biblioteca actual Ubicación en estantería Fecha de adquisición Fuente de adquisición Total de préstamos Signatura topográfica completa Código de barras Visto por última vez Precio de reemplazo Tipo de ítem Koha
        Biblioteca del Ateneo de Madrid Biblioteca del Ateneo de Madrid Depósito 2 17/01/2008     L-21270 1014049 23/02/2023 23/02/2023 Libro impreso